[Event "Villa Martelli La Razon-B"]
[Site "Villa Martelli"]
[Date "2012.10.29"]
[Round "8"]
[White "Feliciano Ebert, Vanessa"]
[Black "Stewart, William John"]
[Result "1-0"]
[WhiteElo "2268"]
[BlackElo "2253"]
[PlyCount "43"]
[EventDate "2012.10.23"]
[EventType "tourn"]
[EventRounds "10"]
[EventCountry "ARG"]
[EventCategory "1"]
[SourceTitle "EXT 2013"]
[Source "ChessBase"]
[SourceDate "2012.11.22"]
[SourceVersion "1"]
[SourceVersionDate "2012.11.22"]
[SourceQuality "1"]

1. e4 c5 2. Nf3 Nc6 3. d3 g6 4. g3 Bg7 5. Bg2 e6 6. 0-0 Nge7 7. Re1 d5 8. c3 dxe4 9. dxe4 0-0 10. Qe2 h6 11. Na3 b6 12. Nb5 Ba6 13. a4 Na5 14. Bf4 Qe8 15. Rad1 f6 16. Bd6 e5 17. b4 cxb4 18. cxb4 Bxb5 19. Qxb5 Nb7 20. Bxe7 Qxb5 21. axb5 Rf7 22. Rd7 1-0

[Event "Villa Martelli La Razon-B"]
[Site "Villa Martelli"]
[Date "2012.10.28"]
[Round "7"]
[White "Stewart, William John"]
[Black "Estrada Nieto, Julian"]
[Result "1/2-1/2"]
[WhiteElo "2253"]
[BlackElo "2310"]
[PlyCount "59"]
[EventDate "2012.10.23"]
[EventType "tourn"]
[EventRounds "10"]
[EventCountry "ARG"]
[EventCategory "1"]
[SourceTitle "EXT 2013"]
[Source "ChessBase"]
[SourceDate "2012.11.22"]
[SourceVersion "1"]
[SourceVersionDate "2012.11.22"]
[SourceQuality "1"]

1. e4 e5 2. Nf3 Nc6 3. Bb5 a6 4. Ba4 Nf6 5. 0-0 Be7 6. Re1 b5 7. Bb3 d6 8. c3 0-0 9. h3 Na5 10. Bc2 c5 11. d4 Qc7 12. Nbd2 Rd8 13. d5 Bd7 14. b3 Rdb8 15. Nf1 c4 16. b4 Nb7 17. Rb1 a5 18. a3 axb4 19. axb4 Ra2 20. N3h2 g6 21. g4 Ne8 22. Ng3 Rba8 23. Kg2 Ng7 24. Bh6 Nd8 25. Rf1 R8a3 26. Bc1 Ra8 27. Bb2 f6 28. Rh1 Nf7 29. Nhf1 Qc8 30. Ne3 1/2-1/2

[Event "Villa Martelli La Razon-B"]
[Site "Villa Martelli"]
[Date "2012.10.24"]
[Round "2"]
[White "Estrada Nieto, Julian"]
[Black "Stewart, William John"]
[Result "1/2-1/2"]
[WhiteElo "2310"]
[BlackElo "2253"]
[PlyCount "49"]
[EventDate "2012.10.23"]
[EventType "tourn"]
[EventRounds "10"]
[EventCountry "ARG"]
[EventCategory "1"]
[SourceTitle "EXT 2013"]
[Source "ChessBase"]
[SourceDate "2012.11.22"]
[SourceVersion "1"]
[SourceVersionDate "2012.11.22"]
[SourceQuality "1"]

1. e4 g6 2. d4 Bg7 3. Nf3 d6 4. Nc3 a6 5. a4 b6 6. Be2 e6 7. 0-0 Ne7 8. Bf4 Bb7 9. Qd2 h6 10. h4 Nd7 11. Rfe1 e5 12. dxe5 dxe5 13. Bg3 Nc6 14. Bc4 0-0 15. Rad1 Nd4 16. Nxd4 exd4 17. Nd5 Rc8 18. a5 b5 19. Ba2 Re8 20. Nxc7 Rxc7 21. Bxf7+ Kxf7 22. Qf4+ Ke6 23. Qd6+ Kf7 24. Qf4+ Ke6 25. Qd6+ 1/2-1/2

[Event "Buenos Aires Yael Torre Blanca-A"]
[Site "Buenos Aires"]
[Date "2012.07.??"]
[Round "2"]
[White "Molina, Roberto Junio Brito"]
[Black "Stewart, William John"]
[Result "0-1"]
[WhiteElo "2313"]
[BlackElo "2238"]
[PlyCount "128"]
[EventDate "2012.07.30"]
[EventType "tourn"]
[EventRounds "9"]
[EventCountry "ARG"]
[SourceTitle "EXT 2024"]
[Source "ChessBase"]
[SourceDate "2023.10.10"]
[SourceVersion "1"]
[SourceVersionDate "2023.10.10"]
[SourceQuality "1"]

1. d4 g6 2. e4 d6 3. Nc3 a6 4. Be3 Bg7 5. Qd2 b5 6. Bd3 Bb7 7. Nf3 Nd7 8. a4 c6 9. 0-0 Rc8 10. Rfe1 Qc7 11. Ne2 Ngf6 12. Bh6 0-0 13. Ng3 e5 14. c3 Rfe8 15. Bxg7 Kxg7 16. Nh4 d5 17. exd5 Nxd5 18. Nhf5+ Kh8 19. Nh6 Rf8 20. c4 bxc4 21. Bxc4 Rce8 22. Bxd5 cxd5 23. Rac1 Qb6 24. a5 Qd6 25. dxe5 Rxe5 26. Rxe5 Nxe5 27. Ne4 Qe7 28. Nc5 Kg7 29. Nxb7 Qxb7 30. Qd4 f6 31. f4 Nc4 32. Ng4 Nxa5 33. Rd1 Nc4 34. b3 Nb6 35. f5 Qc6 36. Re1 Nd7 37. fxg6 hxg6 38. Qf4 g5 39. Qf5 Rf7 40. h4 Qc5+ 41. Kh2 d4 42. Qf3 gxh4 43. Nf2 Ne5 44. Qf5 Qc3 45. Re4 Qg3+ 46. Kg1 d3 47. Nxd3 Qxd3 48. Rg4+ Kf8 49. Qc8+ Ke7 50. Rg8 Qd7 51. Qc5+ Ke6 52. Kh2 Qc7 53. Qe3 Rg7 54. Rh8 Kf7 55. Kh1 Qc2 56. Qa7+ Kg6 57. Qe3 Qd1+ 58. Qg1 Qxg1+ 59. Kxg1 Rb7 60. Rxh4 Rxb3 61. Ra4 Rb6 62. Kf2 Kf5 63. Ke3 Nc6 64. g4+ Kg5 0-1

[Event "Buenos Aires Yael Torre Blanca-A"]
[Site "Buenos Aires"]
[Date "2012.07.??"]
[Round "8"]
[White "Perez Ponsa, Federico"]
[Black "Stewart, William John"]
[Result "1/2-1/2"]
[WhiteElo "2489"]
[BlackElo "2238"]
[PlyCount "49"]
[EventDate "2012.07.30"]
[EventType "tourn"]
[EventRounds "9"]
[EventCountry "ARG"]
[SourceTitle "EXT 2024"]
[Source "ChessBase"]
[SourceDate "2023.10.10"]
[SourceVersion "1"]
[SourceVersionDate "2023.10.10"]
[SourceQuality "1"]

1. e4 c5 2. Nc3 Nc6 3. Nge2 e5 4. Nd5 g6 5. Nec3 a6 6. a4 Bg7 7. Bc4 Nge7 8. d3 Nxd5 9. Nxd5 0-0 10. Be3 d6 11. Qd2 Kh8 12. h4 h5 13. f3 Rb8 14. a5 f5 15. Bg5 Qd7 16. exf5 gxf5 17. f4 Qf7 18. Ne3 Be6 19. Bxe6 Qxe6 20. 0-0 exf4 21. Bxf4 Bxb2 22. Rae1 Be5 23. Nc4 Rbe8 24. Bxe5+ dxe5 25. Qg5 1/2-1/2

[Event "Buenos Aires Yael Torre Blanca-A"]
[Site "Buenos Aires"]
[Date "2012.07.??"]
[Round "7"]
[White "Stewart, William John"]
[Black "Latorre Lopez Moreira, Luis Matias"]
[Result "0-1"]
[WhiteElo "2238"]
[BlackElo "2217"]
[PlyCount "70"]
[EventDate "2012.07.30"]
[EventType "tourn"]
[EventRounds "9"]
[EventCountry "ARG"]
[SourceTitle "EXT 2024"]
[Source "ChessBase"]
[SourceDate "2023.10.10"]
[SourceVersion "1"]
[SourceVersionDate "2023.10.10"]
[SourceQuality "1"]

1. e4 e5 2. Nf3 Nc6 3. Bb5 Nd4 4. Ba4 c6 5. Nxd4 exd4 6. 0-0 Bc5 7. c3 d6 8. b4 Bb6 9. Bb2 Qf6 10. Na3 Be6 11. Qe2 Ne7 12. Nc2 Ng6 13. cxd4 Nf4 14. Qe3 Bh3 15. e5 dxe5 16. Rfe1 Bxg2 17. dxe5 Qg5 18. Qg3 h6 19. Bd4 Bf3 20. Kf1 Bg2+ 21. Kg1 Bf3 22. Kf1 Bd5 23. Bb3 Qxg3 24. hxg3 Nd3 25. Re3 Nxb4 26. Bxb6 Nxc2 27. Bxc2 axb6 28. a3 Kd7 29. f4 h5 30. Kf2 h4 31. Bf5+ Ke7 32. gxh4 Rxh4 33. Kg3 Rah8 34. a4 Rh2 35. Be4 R8h3+ 0-1

[Event "Buenos Aires Yael Torre Blanca-A"]
[Site "Buenos Aires"]
[Date "2012.07.??"]
[Round "5"]
[White "Stewart, William John"]
[Black "Rodriguez Vila, Andres"]
[Result "0-1"]
[WhiteElo "2238"]
[BlackElo "2535"]
[PlyCount "55"]
[EventDate "2012.07.30"]
[EventType "tourn"]
[EventRounds "9"]
[EventCountry "ARG"]
[SourceTitle "EXT 2024"]
[Source "ChessBase"]
[SourceDate "2023.10.10"]
[SourceVersion "1"]
[SourceVersionDate "2023.10.10"]
[SourceQuality "1"]

1. c4 e5 2. Nc3 Nc6 3. g3 g6 4. Bg2 Bg7 5. e3 Nh6 6. Nge2 0-0 7. 0-0 d6 8. Rb1 Be6 9. d3 Qd7 10. b4 Bh3 11. Nd5 Bxg2 12. Kxg2 f5 13. b5 Nd8 14. Qb3 Ne6 15. a4 c6 16. bxc6 bxc6 17. Ndc3 f4 18. exf4 exf4 19. Nxf4 Nxf4+ 20. Bxf4 Rxf4 21. gxf4 Qg4+ 22. Kh1 Qf3+ 23. Kg1 Ng4 24. Ne4 Qxf4 25. Kg2 Rf8 26. Ng3 Qf3+ 27. Kh3 Rf5 28. Qb8+ 0-1

[Event "Buenos Aires Yael Torre Blanca-A"]
[Site "Buenos Aires"]
[Date "2012.07.??"]
[Round "9"]
[White "Stewart, William John"]
[Black "Sorin, Ariel"]
[Result "1/2-1/2"]
[WhiteElo "2238"]
[BlackElo "2452"]
[PlyCount "74"]
[EventDate "2012.07.30"]
[EventType "tourn"]
[EventRounds "9"]
[EventCountry "ARG"]
[SourceTitle "EXT 2024"]
[Source "ChessBase"]
[SourceDate "2023.10.10"]
[SourceVersion "1"]
[SourceVersionDate "2023.10.10"]
[SourceQuality "1"]

1. e4 e5 2. Nf3 Nc6 3. Bb5 a6 4. Ba4 Nf6 5. d3 d6 6. c3 g6 7. 0-0 Bg7 8. Re1 0-0 9. h3 Bd7 10. d4 Qe8 11. dxe5 Nxe5 12. Bxd7 Nxf3+ 13. Qxf3 Nxd7 14. Be3 Ne5 15. Qe2 Qb5 16. Na3 Qxe2 17. Rxe2 Rfe8 18. Kf1 Re6 19. Bd4 Rae8 20. Bxe5 Rxe5 21. f3 d5 22. Rae1 dxe4 23. Rxe4 Rxe4 24. Rxe4 Rxe4 25. fxe4 Kf8 26. Ke2 Ke7 27. Nc4 b5 28. Ne3 Kd6 29. Kd3 c6 30. b3 Ke5 31. g3 Kd6 32. Nc2 Be5 33. g4 Bg7 34. Nd4 c5 35. Nf3 h6 36. c4 Ke6 37. Ke3 bxc4 1/2-1/2

[Event "Buenos Aires Duarte Memorial"]
[Site "Buenos Aires"]
[Date "2010.12.14"]
[Round "4"]
[White "Tempone, Marcelo"]
[Black "Stewart, William John"]
[Result "1/2-1/2"]
[WhiteElo "2416"]
[BlackElo "2219"]
[PlyCount "49"]
[EventDate "2010.12.10"]
[EventType "tourn"]
[EventRounds "9"]
[EventCountry "ARG"]
[EventCategory "3"]
[SourceTitle "CBM 139 Extra"]
[Source "ChessBase"]
[SourceDate "2011.01.05"]
[SourceVersion "1"]
[SourceVersionDate "2011.01.05"]
[SourceQuality "1"]

1. c4 Nf6 2. Nc3 g6 3. e4 d6 4. d4 Bg7 5. Bd3 0-0 6. Nge2 c5 7. d5 e6 8. 0-0 exd5 9. exd5 Re8 10. Ng3 Ng4 11. Be2 Nh6 12. Bf4 f5 13. Re1 Rf8 14. Qd2 Nf7 15. Be3 h5 16. f4 Nd7 17. Bf3 Nf6 18. h3 Bd7 19. Rab1 Re8 20. a3 Qc7 21. Qd3 Re7 22. Bf2 Rxe1+ 23. Rxe1 Re8 24. Rb1 Bh6 25. Be3 1/2-1/2

[Event "Buenos Aires Duarte Memorial"]
[Site "Buenos Aires"]
[Date "2010.12.11"]
[Round "8"]
[White "Guerrero, Alvaro"]
[Black "Stewart, William John"]
[Result "1-0"]
[WhiteElo "2237"]
[BlackElo "2219"]
[PlyCount "75"]
[EventDate "2010.12.10"]
[EventType "tourn"]
[EventRounds "9"]
[EventCountry "ARG"]
[EventCategory "3"]
[SourceTitle "CBM 139 Extra"]
[Source "ChessBase"]
[SourceDate "2011.01.05"]
[SourceVersion "1"]
[SourceVersionDate "2011.01.05"]
[SourceQuality "1"]

1. d4 Nf6 2. c4 c5 3. d5 g6 4. Nc3 Bg7 5. e4 d6 6. Nge2 0-0 7. Ng3 Re8 8. Be2 Na6 9. 0-0 Nc7 10. a4 e6 11. Bf4 e5 12. Be3 Nd7 13. Qd2 h5 14. Ra3 Na6 15. Nb5 Bf8 16. Bh6 h4 17. Nh1 Nb4 18. Bg5 Nf6 19. Bxf6 Qxf6 20. Nc7 Bd7 21. Nxa8 Rxa8 22. f4 Bh6 23. g3 Re8 24. Qc3 Bg7 25. f5 gxf5 26. Bg4 Qg5 27. Bxf5 Bxf5 28. Rxf5 Qg4 29. Qf3 Qxf3 30. Raxf3 Re7 31. gxh4 Nc2 32. Rf2 Ne3 33. Rg5 Kh7 34. Ng3 f6 35. Nf5 Nxf5 36. Rgxf5 Rf7 37. Rg2 a5 38. Kf2 1-0

[Event "Buenos Aires Bolivar op 3rd"]
[Site "Buenos Aires"]
[Date "2010.06.25"]
[Round "2"]
[White "Perez Ponsa, Federico"]
[Black "Stewart, William John"]
[Result "1-0"]
[WhiteElo "2390"]
[BlackElo "2250"]
[PlyCount "51"]
[EventDate "2010.06.24"]
[EventType "swiss"]
[EventRounds "7"]
[EventCountry "ARG"]
[SourceTitle "EXT 2011"]
[Source "ChessBase"]
[SourceDate "2010.11.26"]
[SourceVersion "1"]
[SourceVersionDate "2010.11.26"]
[SourceQuality "1"]

1. e4 c5 2. Nc3 Nc6 3. Nf3 e5 4. Bc4 g6 5. d3 h6 6. Nd2 Nf6 7. Nf1 d6 8. Ne3 Nd4 9. 0-0 Bg7 10. f4 exf4 11. Rxf4 0-0 12. a4 Nh5 13. Rf2 Qh4 14. Ncd5 Be5 15. Nf1 Kg7 16. c3 Ne6 17. Be3 f5 18. g3 Qh3 19. d4 f4 20. dxe5 dxe5 21. gxf4 exf4 22. Bxc5 Rf7 23. Bd6 g5 24. Be2 Kg6 25. Bxh5+ Qxh5 26. Ne7+ 1-0